| 000 | 01195nam a22003377a 4500 | ||
|---|---|---|---|
| 003 | CHAP | ||
| 005 | 20220817044402.0 | ||
| 008 | 101022s2010 mx a r 00010 spa d | ||
| 010 | _a99532 | ||
| 011 | _a100504 | ||
| 035 | _a111190 | ||
| 040 | _cCHAP | ||
| 082 | 1 | 4 |
_a634.9070972 _bR24 |
| 245 | 0 | 0 |
_aReconocimiento : _bdesarrollo forestal - rural de México 2010 _c/editado por Salvador Castro Zavala y León Jorge Castaños M. |
| 260 |
_a[Aquixtla, Pue.] : _bEl Manantial, _c2010 |
||
| 300 |
_a60 p. : _bilus. |
||
| 590 |
_aBATCH-UPD _b10 _c20130110 _lUCH01 _h0902 |
||
| 590 |
_aBATCH-UPD _b10 _c20130410 _lUCH01 _h0530 |
||
| 590 |
_aBATCH-UPD _b10 _c20130914 _lUCH01 _h0703 |
||
| 590 |
_aCONVERSION _b10 _c20130109 _lUCH01 _h1355 |
||
| 650 | 1 | 4 |
_aBosques _xAdministración. _914003 |
| 650 | 1 | 4 |
_aBosques _xPreservación. |
| 650 | 1 | 4 |
_aDesarrollo forestal. _932059 |
| 650 | 1 | 4 |
_aSilvicultura _xInvestigación. _9106120 |
| 650 | 1 | 4 |
_aSilvicultura _xMéxico. _9106123 |
| 700 | 0 |
_aCastaños Martínez, León Jorge _e, ed. _919974 |
|
| 700 | 1 |
_aCastro Zavala, Salvador _e, ed. _920449 |
|
| 901 | _aBK | ||
| 942 | _cLIBRO | ||
| 949 |
_a634.9070972 R24 _bBC _cLIBRO _d33724002213330 _eLIBRO _h113674 _i111190 _sb |
||
| 999 |
_c99532 _d99532 |
||